MARC details
| 000 -LEADER |
| fixed length control field |
01323cam a22003738i 4500 |
| 020 ## - INTERNATIONAL STANDARD BOOK NUMBER |
| International Standard Book Number |
9781138031661 (hardback : alk. paper) |
| 020 ## - INTERNATIONAL STANDARD BOOK NUMBER |
| International Standard Book Number |
9781498796507 (pbk. : alk. paper) |
| 020 ## - INTERNATIONAL STANDARD BOOK NUMBER |
| International Standard Book Number |
9781138031647 (international edition pbk. : alk. paper) |
| 035 ## - SYSTEM CONTROL NUMBER |
| System control number |
(DNLM)101703410 |
| 042 ## - AUTHENTICATION CODE |
| Authentication code |
pcc |
| 060 10 - NATIONAL LIBRARY OF MEDICINE CALL NUMBER |
| Classification number |
WO 500 |
| 082 00 - DEWEY DECIMAL CLASSIFICATION NUMBER |
| Classification number |
617 |
| Author Mark |
BAI |
| 245 00 - TITLE STATEMENT |
| Title |
Bailey & Love's short practice of surgery VOL 1,2 / |
| 250 ## - EDITION STATEMENT |
| Edition statement |
27th edition. |
| 260 ## - PUBLICATION, DISTRIBUTION, ETC. |
| Name of publisher, distributor, etc. |
CRC |
| Date of publication, distribution, etc. |
2017 |
| 263 ## - PROJECTED PUBLICATION DATE |
| Projected publication date |
1802 |
| 264 #1 - PRODUCTION, PUBLICATION, DISTRIBUTION, MANUFACTURE, AND COPYRIGHT NOTICE |
| Place of production, publication, distribution, manufacture |
Boca Raton, FL : |
| Name of producer, publisher, distributor, manufacturer |
CRC Press, |
| Date of production, publication, distribution, manufacture, or copyright notice |
2018. |
| 300 ## - PHYSICAL DESCRIPTION |
| No of Pages |
p. ; |
| Dimensions |
cm. |
| 336 ## - CONTENT TYPE |
| Content type term |
text |
| Source |
rdacontent |
| 337 ## - MEDIA TYPE |
| Media type term |
unmediated |
| Source |
rdamedia |
| 338 ## - CARRIER TYPE |
| Carrier type term |
volume 1,2 |
| Source |
rdacarrier |
| 490 ## - Volume Statement |
| Volume |
vol 1,,2 |
| 500 ## - GENERAL NOTE |
| General note |
vol 1,,2 |
| 504 ## - BIBLIOGRAPHY, ETC. NOTE |
| Bibliography, Index, etc. note |
INCLUDE:INDEX |
| 650 12 - SUBJECT ADDED ENTRY--TOPICAL TERM |
| Subject |
Surgical Procedures, Operative |
| Keywords |
Trauma |
| -- |
vascular |
| -- |
cardiothoracic |
| -- |
head and neck |
| 650 22 - SUBJECT ADDED ENTRY--TOPICAL TERM |
| Subject |
Perioperative Care |
| 776 08 - ADDITIONAL PHYSICAL FORM ENTRY |
| Relationship information |
Online version: |
| Title |
Bailey & Love's short practice of surgery |
| Edition |
27th edition. |
| Place, publisher, and date of publication |
Boca Raton, FL : CRC Press, 2017 |
| International Standard Book Number |
9781315111087 |
| Record control number |
(DLC) 2017018725 |
| 906 ## - LOCAL DATA ELEMENT F, LDF (RLIN) |
| a |
7 |
| b |
cbc |
| c |
orignew |
| d |
1 |
| e |
ecip |
| f |
20 |
| g |
y-gencatlg |
| 942 ## - ADDED ENTRY ELEMENTS (KOHA) |
| Source of classification or shelving scheme |
|
| Koha item type |
Books |
| 952 ## - LOCATION AND ITEM INFORMATION (KOHA) |
| -- |
2018-12-19 |
| 952 ## - LOCATION AND ITEM INFORMATION (KOHA) |
| -- |
2019-02-28 |